<?xml version="1.0" encoding="UTF-8"?>
<record
    xmlns:xsi="http://www.w3.org/2001/XMLSchema-instance"
    xsi:schemaLocation="http://www.loc.gov/MARC21/slim http://www.loc.gov/standards/marcxml/schema/MARC21slim.xsd"
    xmlns="http://www.loc.gov/MARC21/slim">

  <leader>00720nam a22001577a 4500</leader>
  <datafield tag="952" ind1=" " ind2=" ">
    <subfield code="0">0</subfield>
    <subfield code="1">0</subfield>
    <subfield code="4">0</subfield>
    <subfield code="7">0</subfield>
    <subfield code="a">22</subfield>
    <subfield code="b">22</subfield>
    <subfield code="d">2017-11-06</subfield>
    <subfield code="l">0</subfield>
    <subfield code="o">KGF2655.3  L39 2014</subfield>
    <subfield code="p">24 000407</subfield>
    <subfield code="r">2017-11-06</subfield>
    <subfield code="t">1</subfield>
    <subfield code="w">2017-11-06</subfield>
    <subfield code="y">LB</subfield>
  </datafield>
  <datafield tag="999" ind1=" " ind2=" ">
    <subfield code="c">102691</subfield>
    <subfield code="d">102691</subfield>
  </datafield>
  <controlfield tag="008">171106b2014    mx a|||| |||| 00| 0 spa d</controlfield>
  <datafield tag="020" ind1=" " ind2=" ">
    <subfield code="a">9786076101735</subfield>
  </datafield>
  <datafield tag="050" ind1=" " ind2=" ">
    <subfield code="a">KGF2655.3 </subfield>
    <subfield code="b">L39 </subfield>
  </datafield>
  <datafield tag="100" ind1=" " ind2=" ">
    <subfield code="a">L&#xE1;zaro Ruiz, Eliseo.</subfield>
  </datafield>
  <datafield tag="245" ind1=" " ind2=" ">
    <subfield code="a">El perito en el sistema penal acusatorio :</subfield>
    <subfield code="b"> aspectos t&#xE9;cnicos, cient&#xED;ficos, metodol&#xF3;gicos sobre la intervenci&#xF3;n del perito en el sistema penal acusatorio, el interrogatorio y contrainterrogatorio del perito en la etapa de juicio</subfield>
    <subfield code="c">&#xE1;zaro Ruiz, Eliseo</subfield>
  </datafield>
  <datafield tag="260" ind1=" " ind2=" ">
    <subfield code="a">M&#xE9;xico </subfield>
    <subfield code="b"> : Editorial Flores</subfield>
    <subfield code="c">, 2014 </subfield>
  </datafield>
  <datafield tag="300" ind1=" " ind2=" ">
    <subfield code="a">459 p&#xE1;ginas</subfield>
  </datafield>
  <datafield tag="519" ind1=" " ind2=" ">
    <subfield code="a">Plan Flexible /</subfield>
    <subfield code="b">Derecho /</subfield>
    <subfield code="c">Sistema Penal Acusatorio (LD847-1) /</subfield>
    <subfield code="d">24 000407</subfield>
  </datafield>
  <datafield tag="650" ind1=" " ind2="0">
    <subfield code="a">PRUEBA PERICIAL -- M&#xC9;XICO</subfield>
  </datafield>
  <datafield tag="942" ind1=" " ind2=" ">
    <subfield code="c">LB</subfield>
  </datafield>
</record>
